[Event "Emilia Romagna tt op"]
[Site "Piacenza"]
[Date "2022.09.24"]
[Round "2"]
[White "Fischetti, Luciano"]
[Black "Polledri, Gabriele"]
[Result "1-0"]
[WhiteElo "1388"]
[BlackElo "999"]
[PlyCount "73"]
[EventDate "2022.09.23"]
[EventType "team-swiss"]
[EventRounds "5"]
[EventCountry "ITA"]
[SourceTitle "EXT 2023"]
[Source "ChessBase"]
[SourceDate "2022.10.05"]
[SourceVersion "1"]
[SourceVersionDate "2022.10.05"]
[SourceQuality "1"]
[WhiteTeam "Parma Promo"]
[BlackTeam "Piacenza New Generation"]
[WhiteTeamCountry "ITA"]
[BlackTeamCountry "ITA"]

1. f4 c5 2. Nf3 d5 3. e3 e5 4. Nxe5 Bf5 5. Bb5+ Ke7 6. Be2 c4 7. Nc3 Nf6 8. Nf3 Ng4 9. h3 Nf6 10. d3 Nh5 11. Kf2 Nc6 12. g4 Nxf4 13. gxf5 Qb6 14. Kg3 Nh5+ 15. Kg2 Qc7 16. Nxd5+ Kd6 17. Nxc7 Kxc7 18. Ng5 Bd6 19. Bxh5 g6 20. Bg4 Rhf8 21. d4 h6 22. Ne4 h5 23. Bf3 Ne7 24. Nxd6 Kxd6 25. e4 gxf5 26. Bf4+ Ke6 27. d5+ Kd7 28. e5 Rg8+ 29. Kf2 Ng6 30. e6+ Ke7 31. d6+ Kxe6 32. Qd5+ Kf6 33. Qd4+ Ke6 34. Rae1+ Kd7 35. Bg5 Kc8 36. Qc5+ Kd7 37. Qc7# 1-0